书目信息 |
| 题名: |
危害劳动生产安全犯罪研究
|
|
| 作者: | 王守俊 著 | |
| 分册: | ||
| 出版信息: | 北京 煤炭工业出版社 2009.09 |
|
| 页数: | 270页 | |
| 开本: | 21cm | |
| 丛书名: | ||
| 单 册: | ||
| 中图分类: | D924.114 | |
| 科图分类: | ||
| 主题词: | 安全生产法--刑事犯罪--研究--中国 | |
| 电子资源: | ||
| ISBN: | 978-7-5020-3570-9 | |
| 000 | 00830nam0 2200217 450 | |
| 001 | 004301304 | |
| 005 | 20100809100024.26 | |
| 010 | @a978-7-5020-3570-9@dCNY26.00 | |
| 100 | @a20100515d2009 em y0chiy50 ea | |
| 101 | 0 | @achi |
| 102 | @aCN@b110000 | |
| 105 | @ay z 000yy | |
| 200 | 1 | @a危害劳动生产安全犯罪研究@Awei hai lao dong sheng chan an quan fan zui yan jiu@f王守俊著@Fwang shou jun zhu |
| 210 | @a北京@c煤炭工业出版社@d2009.09 | |
| 215 | @a270页@d21cm | |
| 330 | @a本书采用比较与分析的方法,以立法规定为依据,对我国刑事立法中规定的以维护劳动生产安全为目的的罪名,从劳动生产安全的角度进行了较为深入与全面的分析阐释,并针对现行立法的不足提出了改进建议。 | |
| 606 | 0 | @a安全生产法@x刑事犯罪@x研究@y中国 |
| 690 | @aD924.114@v4 | |
| 701 | 0 | @a王守俊@Awang shou jun@4著 |
| 801 | @c20100515 | |
| 905 | @dD924.114@eW340@f5 | |
| 危害劳动生产安全犯罪研究/王守俊著.-北京:煤炭工业出版社,2009.09 |
| 270页;21cm |
| ISBN 978-7-5020-3570-9:CNY26.00 |
| 本书采用比较与分析的方法,以立法规定为依据,对我国刑事立法中规定的以维护劳动生产安全为目的的罪名,从劳动生产安全的角度进行了较为深入与全面的分析阐释,并针对现行立法的不足提出了改进建议。 |
| ● |
| 相关链接 |
|
|
|
正题名:危害劳动生产安全犯罪研究
索取号:D924.114/W340
 
预约/预借
| 序号 | 登录号 | 条形码 | 馆藏地/架位号 | 状态 | 备注 |
| 1 | 1021173 | 210211732 | 社科库509/509社科库 98排1列4层/ [索取号:D924.114/W340] | 在馆 | |
| 2 | 1021174 | 210211741 | 社科库509/509社科库 98排1列4层/ [索取号:D924.114/W340] | 在馆 | |
| 3 | 1021175 | 210211750 | 社科库509/509社科库 98排1列4层/ [索取号:D924.114/W340] | 在馆 | |
| 4 | 1021176 | 210211769 | 社科库509/509社科库 98排1列4层/ [索取号:D924.114/W340] | 在馆 | |
| 5 | 1021177 | 210211778 | 社科库509/509社科库 98排1列4层/ [索取号:D924.114/W340] | 在馆 |